Los cálices vacios ; (Record no. 5975)
[ view plain ]
| 000 -CABECERA | |
|---|---|
| campo de control de longitud fija | 00871cam a2200205 a 4500 |
| 001 - NÚMERO DE CONTROL | |
| campo de control | 000006180 |
| 005 - FECHA Y HORA DE LA ÚLTIMA TRANSACCIÓN | |
| campo de control | 20200929151949.0 |
| 008 - DATOS DE LONGITUD FIJA--INFORMACIÓN GENERAL | |
| campo de control de longitud fija | 980529r19971913mx a 000 0 spa |
| 040 ## - FUENTE DE LA CATALOGACIÓN | |
| Centro catalogador/agencia de origen | DO-SdBNP |
| Lengua de catalogación | spa |
| Centro/agencia transcriptor | BNPHU |
| 082 ## - NÚMERO DE LA CLASIFICACIÓN DECIMAL DEWEY | |
| Número de clasificación | U861.4 |
| Número de documento/Ítem | A284c |
| 100 1# - ENTRADA PRINCIPAL--NOMBRE DE PERSONA | |
| Nombre de persona | Agustini, Delmira, |
| Fechas asociadas al nombre | 1886-1914. |
| 9 (RLIN) | 15513 |
| 245 14 - MENCIÓN DE TÍTULO | |
| Título | Los cálices vacios ; |
| Resto del título | El protoidioma en la poesía de Delmira Agustini / |
| Mención de responsabilidad, etc. | Delmira Agustini, Fredo Arias de la Canal. |
| 260 ## - PUBLICACIÓN, DISTRIBUCIÓN, ETC. | |
| Lugar de publicación, distribución, etc. | México : |
| Nombre del editor, distribuidor, etc. | Frente de Afirmación Hispanista, |
| Fecha de publicación, distribución, etc. | 1997. |
| 300 ## - DESCRIPCIÓN FÍSICA | |
| Extensión | 243 p. : |
| Otras características físicas | il. ; |
| Dimensiones | 20 cm. |
| 505 0# - NOTA DE CONTENIDO CON FORMATO | |
| Nota de contenido con formato | El protoidioma en la poesía de Delmira Agustini / |
| Mención de responsabilidad | Fredo Arias de la Canal. |
| 600 10 - PUNTO DE ACCESO ADICIONAL DE MATERIA--NOMBRE DE PERSONA | |
| Nombre de persona | AGUSTINI, DELMIRA |
| Fechas asociadas al nombre | 1886-1914 |
| Subdivisión general | CRÌTICA E INTERPRETACIÒN |
| 9 (RLIN) | 17320 |
| 650 #4 - PUNTO DE ACCESO ADICIONAL DE MATERIA--TÉRMINO DE MATERIA | |
| Término de materia o nombre geográfico como elemento de entrada | Poesìa uruguaya |
| 9 (RLIN) | 3846 |
| 650 #4 - PUNTO DE ACCESO ADICIONAL DE MATERIA--TÉRMINO DE MATERIA | |
| Término de materia o nombre geográfico como elemento de entrada | Literatura uruguaya |
| 9 (RLIN) | 3054 |
| 700 12 - PUNTO DE ACCESO ADICIONAL--NOMBRE DE PERSONA | |
| Nombre de persona | Arias de la Canal, Fredo. |
| Título de la obra | Protoidioma en la poesía de Delmira Agustini. |
| 9 (RLIN) | 17321 |
| Estado de retiro | Estado de pérdida | Restricciones de uso | No para préstamo | Código de colección | Localización permanente | Ubicación/localización actual | Ubicación en estantería | Fecha de adquisición | Número de inventario | Total de préstamos | Signatura topográfica completa | Código de barras | Fecha visto por última vez | Precio válido a partir de | Tipo de ítem Koha |
|---|---|---|---|---|---|---|---|---|---|---|---|---|---|---|---|
| Excluido de préstamo | Monografías: Libros y Folletos | General | General | Depósito | 08.09.2009 | LF1 | U861.4 A284c | 6180-10 | 25.06.2020 | 25.06.2020 | No se presta | ||||
| Monografías: Libros y Folletos | Patrimonio Dominicano | Patrimonio Dominicano | Orden iniciada | 25.05.2017 | LF1 | U861.4 A284c | 6180-20 | 25.06.2020 | 25.06.2020 | No se presta |
